| 000 | 00711nam a2200193 a 4500 | ||
|---|---|---|---|
| 001 | 000045778 | ||
| 005 | 20201002052434.0 | ||
| 008 | 150512s2009 dr 000 0 spa d | ||
| 020 | _a9789945427516 | ||
| 040 |
_aDO-SdBNP _bspa _cBNPHU |
||
| 082 |
_axxxx _bxxxx |
||
| 100 | 1 |
_aReyes Peña, Víctor Manuel, _d1960- _970031 |
|
| 245 | 1 | 0 |
_aVivo de la risa / _cVíctor Manuel Reyes Peña ; prólogo Luisito Martí ; cuidado de la edición Jorge Dinavith Honoret. |
| 260 |
_aSanto Domingo : _bOrtega, _c2009. |
||
| 300 |
_a157 p. ; _c22 cm. |
||
| 500 | _aIncluye datos biográficos del autor en las solapas. | ||
| 700 | 1 | 2 |
_aMartí, Luisito, _d1945-2010 _epról. _973862 |
| 700 | 1 | 2 |
_aHonoret, Jorge Dinavith, _eed. _973863 |
| 999 |
_c45267 _d45267 |
||